| 000 | 02520nab a2200301 a 4500 | ||
|---|---|---|---|
| 005 | 20210219163606.0 | ||
| 008 | 991125s1985 mx 000 0 spa u | ||
| 035 | _aUPN01000225587 | ||
| 049 | _aART-E | ||
| 100 | 1 |
_aGil, Gastón Julián _6- gasgil@mdp.edu.ar |
|
| 222 | 0 |
_aEMPIRIA : _bREVISTA DE METODOLOGIA DE LAS CIENCIAS SOCIALES |
|
| 245 | 0 | 0 | _aDe las imposturas a los “trucos de oficio”. Reflexiones “metodológicas” desde la antropología social (Argentina) |
| 260 | _aEspaña | ||
| 300 | _a107-128 | ||
| 362 | 0 | _a2018 No. 40, may.-ago. | |
| 520 | 3 | _aEl uso de «recetas» metodológicas y la apelación a diversas formas de corrección política en el estudio de diferentes colectivos constituyen tentaciones a las que suelen sucumbir una gran cantidad de cientistas sociales. En este artículo, en primera instancia, se intenta desarrollar una revisión crítica de la manera en que operan algunos de esos lugares comunes de la investigación social, sostenidos en principios «metodológicos» como dogmas en abstracto. En la misma sintonía, también se describen, apelando a ejemplos de investigación, frecuentes imposturas de lo «correcto» que abundan en los discursos académicos, como ocurre en ocasiones con investigadores que se definen como «militantes» cuando estudian sectores subalternos. Por consiguiente, en este artículo se desarrollan algunos trucos de oficio, tal cual los definió el sociólogo Howard Becker, que cuestionan formalidades, tendencias y acuerdos implícitos en el quehacer científico-académico que no precisamente estimulan la creatividad. Los formularios que circulan en el sistema científico, la materias «metodológicas», las pautas de evaluación de la producción académica y las imposturas intelectuales configuran una diversidad de situaciones que suelen promover cómodas rutinas vinculadas en mayor medida con la rigidez que con el rigor. Si bien este texto está construido de manera prioritaria en perspectiva con el caso argentino, remite a prácticas que en mayor o menor medida están presentes en las diversas tradiciones científicas en las ciencias sociales... | |
| 653 | 0 | _aDISCIPLINAS CIENTIFICAS | |
| 653 | 0 | _aANTROPOLOGIA SOCIAL | |
| 653 | 0 | _aREFLEXIVIDAD | |
| 653 | 0 | _aCREATIVIDAD | |
| 653 | 0 | _aCIENCIAS SOCIALES | |
| 856 | 4 | _uempiria.40.2018.22013 | |
| 905 | _aArticulo | ||
| 336 | _atexto$2rdacontent | ||
| 337 | _acomputadora$2rdamedia | ||
| 338 | _arecurso en linea$2rdacarrier | ||
| 999 |
_c197683 _d197683 |
||